Cyclisme : Top 20 d’Eschborn-Francfort 2024 - Statistiques

Statistiques générales
  • Ce quiz a été pris 11 fois
  • Le résultat moyen est 5 sur 20
Statistiques - réponses
Position Equipe Coureur % Correct
1er Lotto Dstny Maxim Van Gils
100%
2eme Movistar Team Alex Aranburu
75%
15eme UAE Team Emirates Jan Christen
50%
9eme UAE Team Emirates Marc Hirschi
50%
14eme Israel Premier Tech Derek Gee
38%
12eme UAE Team Emirates Diego Ulissi
38%
20eme Dsm Firmeninch PostNL Frank Van Der Broek
25%
19eme Intermarché Wanty Georg Zimmermann
25%
3eme Israel Premier Tech Riley Sheehan
25%
8eme Alpecin Deceuninck Søren Kragh Andersen
25%
17eme EF Éducation Easypost Jonas Rutsch
13%
4eme EF Education Easypost Lukas Nerurkar
13%
5eme Bora Hansgrohe Roger Adria
13%
18eme Movistar Team Sergio Samitier
13%
16eme Q36.5 Pro Cycling Team David De La Cruz
0%
11eme Cofidis Jonathan Lastra
0%
7eme Dsm Firmeninch PostNL Kevin Vermaerke
0%
6eme Intermarché Wanty Kobe Goossens
0%
10eme Uno-X Mobility Markus Hoelgaard
0%
13eme Lidl Trek Thibau Nys
0%
Aucun quiz correspondant
Distribution des résultats
% des personnes avec chaque résultat
Percentile par nombre de réponses
Votre historique - résultats
Vous n’avez pas pris ce quiz